| 000 | 00860nab a2200265 u 4500 | ||
|---|---|---|---|
| 001 | 18475 | ||
| 003 | HDC | ||
| 007 | cr bn ---aaaaa | ||
| 008 | 210226c20070722xx dr|noo 0 a eng d | ||
| 040 | _aHDC | ||
| 100 |
_aCarey, John _eauthor _917332 |
||
| 245 | 0 |
_aNOT made in China...what does this mean? / by _cJohn Carey |
|
| 260 |
_a[No place] : _b[publisher not identified], _c2007 |
||
| 300 | _a1 online resource | ||
| 336 |
_atext _2rdacontent |
||
| 337 |
_acomputer _2rdamedia |
||
| 338 |
_aonline resource _2rdacarrier |
||
| 650 |
_aBusiness _9207 |
||
| 650 |
_aimported food _911470 |
||
| 710 | _aHalal Focus | ||
| 856 | _zRequest full-text at [email protected] | ||
| 942 | _2lcc | ||
| 942 | _cNEWS | ||
| 942 | _kNWSO 006067 | ||
| 999 |
_c15791 _d15791 |
||